[Event "Gibraltar U16 op"]
[Site "Caleta"]
[Date "2019.08.18"]
[Round "4"]
[White "Gutierrez Lupion, Nuria"]
[Black "Garcia Calero, Jose Maria"]
[Result "1/2-1/2"]
[WhiteElo "1712"]
[BlackElo "1395"]
[PlyCount "103"]
[EventDate "2019.08.16"]
[EventType "swiss"]
[EventRounds "6"]
[EventCountry "GGB"]
[SourceTitle "CBM 195 Extra"]
[Source "ChessBase"]
[SourceDate "2020.05.31"]
[SourceVersion "1"]
[SourceVersionDate "2020.05.31"]
[SourceQuality "1"]

1. e4 c5 2. Nf3 d6 3. d4 cxd4 4. Nxd4 Nf6 5. Nc3 g6 6. h3 Bg7 7. g4 0-0 8. Bg2 Qb6 9. Nce2 Nbd7 10. c3 a5 11. a4 Nc5 12. Ng3 Bd7 13. 0-0 Rac8 14. Kh2 Rfd8 15. Re1 e5 16. Nde2 Nb3 17. Be3 Nc5 18. Qc2 Be6 19. Ra3 Qc7 20. b4 axb4 21. cxb4 Na6 22. Qxc7 Nxc7 23. b5 Bf8 24. Rc1 d5 25. Rac3 Rd7 26. Bb6 Bd6 27. Ba5 d4 28. Rxc7 Bxc7 29. b6 d3 30. Rxc7 Rdxc7 31. bxc7 dxe2 32. Nxe2 Ne8 33. f4 exf4 34. Nxf4 Nxc7 35. e5 b5 36. Nxe6 fxe6 37. Bxc7 Rxc7 38. axb5 Rc2 39. b6 Rb2 40. b7 Kf7 41. Kg3 Ke7 42. Kf4 h6 43. h4 Kf7 44. Be4 Kg7 45. Bf3 Kf7 46. Be4 Kg7 47. Bf3 Kf7 48. Ke3 g5 49. h5 Ke7 50. Kd4 Kd7 51. Kc5 Kc7 52. Kd4 1/2-1/2